Bears' picnic (The) / (Record no. 102318)
[ view plain ]
| 000 -LEADER | |
|---|---|
| fixed length control field | 00477nam a2200169 a 4500 |
| 005 - DATE AND TIME OF LATEST TRANSACTION | |
| control field | 20140412111234.0 |
| 008 - FIXED-LENGTH DATA ELEMENTS--GENERAL INFORMATION | |
| fixed length control field | 010426s19uu xx 00 eng d |
| 020 ## - INTERNATIONAL STANDARD BOOK NUMBER | |
| International Standard Book Number | 0-394-80041-9 |
| 050 ## - LIBRARY OF CONGRESS CALL NUMBER | |
| Classification number | TR(PS E |
| Item number | Be38 1966 |
| 100 ## - MAIN ENTRY--PERSONAL NAME | |
| Personal name | Berenstain, Stan |
| 245 ## - TITLE STATEMENT | |
| Title | Bears' picnic (The) / |
| Statement of responsibility, etc | by Stan and Jan Berenstain. |
| 260 ## - PUBLICATION, DISTRIBUTION, ETC. (IMPRINT) | |
| Place of publication, distribution, etc | New York : |
| Name of publisher, distributor, etc | Beginner Books, |
| Date of publication, distribution, etc | 1966. |
| 300 ## - PHYSICAL DESCRIPTION | |
| Extent | 55 p. col. ill. 24cm |
| 440 ## - SERIES STATEMENT/ADDED ENTRY--TITLE | |
| Title | Beginner Books |
| 650 ## - SUBJECT ADDED ENTRY--TOPICAL TERM | |
| Topical term or geographic name as entry element | Picnic--Fiction |
| Withdrawn status | Lost status | Damaged status | Home library | Current library | Shelving location | Date acquired | Source of acquisition | Total Checkouts | Full call number | Barcode | Date last seen | Price effective from | Koha item type |
|---|---|---|---|---|---|---|---|---|---|---|---|---|---|
| Elizalde Library | Elizalde Library | Teachers Reference Section | 04/26/2001 | TR(PS E Be38 1966 | E1396 | 04/12/2014 | 04/12/2014 | Books |